[Event "GER-ch U25-C"]
[Site "Willingen"]
[Date "2019.06.14"]
[Round "8"]
[White "Grimm, Nicola Marie"]
[Black "Apel, Linus"]
[Result "0-1"]
[WhiteElo "1459"]
[BlackElo "1410"]
[PlyCount "50"]
[EventDate "2019.06.08"]
[EventType "swiss"]
[EventRounds "9"]
[EventCountry "GER"]
[SourceTitle "CBM 191 Extra"]
[Source "ChessBase"]
[SourceDate "2019.09.30"]
[SourceVersion "1"]
[SourceVersionDate "2019.09.30"]
[SourceQuality "1"]

1. d4 Nf6 2. Bf4 g6 3. e3 Bg7 4. c3 0-0 5. Be2 d6 6. Nd2 Nbd7 7. h4 e5 8. Bg5 h6 9. Bxf6 Nxf6 10. g4 Nd5 11. h5 g5 12. Qb3 c6 13. dxe5 dxe5 14. 0-0-0 Qc7 15. Ne4 b6 16. Nh3 Qe7 17. Qa4 b5 18. Qb3 Be6 19. Qc2 a5 20. a3 b4 21. axb4 axb4 22. Kd2 bxc3+ 23. Nxc3 Nxc3 24. Qxc3 e4 25. Qxc6 Qb4+ 0-1

[Event "GER-ch U25-C"]
[Site "Willingen"]
[Date "2019.06.10"]
[Round "3"]
[White "Sinka, Silas"]
[Black "Grimm, Nicola Marie"]
[Result "1/2-1/2"]
[WhiteElo "1292"]
[BlackElo "1459"]
[PlyCount "61"]
[EventDate "2019.06.08"]
[EventType "swiss"]
[EventRounds "9"]
[EventCountry "GER"]
[SourceTitle "CBM 191 Extra"]
[Source "ChessBase"]
[SourceDate "2019.09.30"]
[SourceVersion "1"]
[SourceVersionDate "2019.09.30"]
[SourceQuality "1"]

1. d4 d5 2. c4 Bf5 3. cxd5 Qxd5 4. Nc3 Qa5 5. Bd2 c6 6. e4 Bg6 7. Qb3 Qb6 8. Nf3 e6 9. Qxb6 axb6 10. Bd3 Nd7 11. 0-0 Ngf6 12. Rfe1 Be7 13. Rad1 0-0 14. Bb1 Rfe8 15. e5 Bxb1 16. Rxb1 Nd5 17. Nxd5 cxd5 18. a3 b5 19. Rec1 Nb6 20. Rc7 Rab8 21. Bb4 Bxb4 22. axb4 Rec8 23. Rbc1 h6 24. h3 Nc4 25. Rxc8+ Rxc8 26. b3 Nb6 27. Rc5 Rxc5 28. bxc5 Nd7 29. Nd2 Kf8 30. Nb1 b4 31. Kf1 1/2-1/2

[Event "GER-ch U25-C"]
[Site "Willingen"]
[Date "2018.05.23"]
[Round "6"]
[White "Grimm, Nicola Marie"]
[Black "Hess, Wadim"]
[Result "1-0"]
[WhiteElo "1309"]
[BlackElo "1235"]
[PlyCount "117"]
[EventDate "2018.05.19"]
[EventType "swiss"]
[EventRounds "9"]
[EventCountry "GER"]
[SourceTitle "CBM 184 Extra"]
[Source "ChessBase"]
[SourceDate "2018.06.28"]
[SourceVersion "1"]
[SourceVersionDate "2018.06.28"]
[SourceQuality "1"]

1. d4 d5 2. Bf4 Nf6 3. Nf3 c5 4. e3 Nc6 5. c3 Qb6 6. Qb3 c4 7. Qxb6 axb6 8. Be2 Bf5 9. Nbd2 h6 10. Ne5 Nxe5 11. Bxe5 Nd7 12. Bg3 e6 13. Bf3 b5 14. e4 Bh7 15. exd5 exd5 16. Bxd5 Ra7 17. 0-0 Bg6 18. Rfe1+ Kd8 19. a3 Nb6 20. Be4 Bxe4 21. Nxe4 Na4 22. Rab1 Nb6 23. Re2 Nd5 24. Rbe1 b6 25. Nd2 Nf6 26. Nf3 Re7 27. Rxe7 Bxe7 28. Ne5 Re8 29. Nxf7+ Kd7 30. Ne5+ Kd8 31. f3 Nd5 32. Ng6 Bf6 33. Ne5 Bxe5 34. Bxe5 Kd7 35. Kf2 g6 36. Re4 Re6 37. Bg7 h5 38. Re5 Rxe5 39. Bxe5 Ke6 40. f4 Kf5 41. Kf3 Ne7 42. h3 h4 43. Bd6 Nd5 44. Be5 Ne7 45. Bg7 Nd5 46. Bh6 Nf6 47. Bg5 Ne4 48. Ke3 Nxg5 49. fxg5 Kxg5 50. Ke4 Kf6 51. Kd5 Ke7 52. Kc6 Ke6 53. Kxb6 Kd6 54. Kxb5 Kd5 55. a4 Kd6 56. a5 Kc7 57. Kxc4 Kc6 58. b4 g5 59. b5+ 1-0

[Event "GER-ch U25-C"]
[Site "Willingen"]
[Date "2018.05.21"]
[Round "3"]
[White "Grimm, Nicola Marie"]
[Black "Muhina, Liana"]
[Result "1-0"]
[WhiteElo "1309"]
[BlackElo "1203"]
[PlyCount "51"]
[EventDate "2018.05.19"]
[EventType "swiss"]
[EventRounds "9"]
[EventCountry "GER"]
[SourceTitle "CBM 184 Extra"]
[Source "ChessBase"]
[SourceDate "2018.06.28"]
[SourceVersion "1"]
[SourceVersionDate "2018.06.28"]
[SourceQuality "1"]

1. d4 d5 2. Bf4 Nf6 3. Nf3 Bf5 4. e3 e6 5. c3 Be7 6. Bd3 Bg4 7. Nbd2 Nc6 8. Qc2 Bd6 9. Bg3 Qd7 10. Bxd6 Qxd6 11. a3 0-0 12. 0-0 Rfe8 13. c4 e5 14. cxd5 Qxd5 15. Bc4 Qd6 16. Ng5 Bh5 17. Nge4 Qd8 18. Nxf6+ Qxf6 19. Ne4 Qh4 20. dxe5 Rxe5 21. Ng3 Rae8 22. Rac1 Bg6 23. Qa4 h5 24. Bxf7+ Bxf7 25. Qxh4 g5 26. Qa4 1-0

[Event "GER-ch U25-C"]
[Site "Willingen"]
[Date "2018.05.20"]
[Round "2"]
[White "Pham, Anh Tuan"]
[Black "Grimm, Nicola Marie"]
[Result "0-1"]
[WhiteElo "1149"]
[BlackElo "1309"]
[PlyCount "78"]
[EventDate "2018.05.19"]
[EventType "swiss"]
[EventRounds "9"]
[EventCountry "GER"]
[SourceTitle "CBM 184 Extra"]
[Source "ChessBase"]
[SourceDate "2018.06.28"]
[SourceVersion "1"]
[SourceVersionDate "2018.06.28"]
[SourceQuality "1"]

1. e4 d5 2. exd5 Qxd5 3. Nc3 Qa5 4. Nf3 c6 5. d3 Bf5 6. Bf4 e6 7. a3 Nf6 8. h3 Qd8 9. Be2 Bd6 10. Bg5 Nbd7 11. Ne4 Bxe4 12. dxe4 Qc7 13. e5 Bxe5 14. Nxe5 Qxe5 15. Qd2 Ne4 16. Qe3 Nxg5 17. Qxe5 Nxe5 18. f4 Nxh3 19. Rxh3 Ng6 20. Rf3 0-0-0 21. Bd3 Rhe8 22. 0-0-0 Kc7 23. Re1 h6 24. g3 Ne7 25. Rfe3 Nd5 26. Re5 Nf6 27. f5 exf5 28. Bxf5 Rxe5 29. Rxe5 Re8 30. Ra5 a6 31. Ra4 Re5 32. g4 g6 33. Bd3 Nd5 34. Kd2 Kd6 35. Be2 g5 36. c4 Nf4 37. Bf3 f5 38. Kc3 Re3+ 39. Kd4 Rd3# 0-1

[Event "GER-ch U25-B"]
[Site "Willingen"]
[Date "2017.06.10"]
[Round "9"]
[White "Duong, Nhat Minh"]
[Black "Grimm, Nicola Marie"]
[Result "1/2-1/2"]
[WhiteElo "936"]
[BlackElo "1239"]
[PlyCount "50"]
[EventDate "2017.06.04"]
[EventType "swiss"]
[EventRounds "9"]
[EventCountry "GER"]
[SourceTitle "CBM 178 Extra"]
[Source "ChessBase"]
[SourceDate "2017.06.22"]
[SourceVersion "1"]
[SourceVersionDate "2017.06.22"]
[SourceQuality "1"]

1. e4 d5 2. exd5 Qxd5 3. Nc3 Qa5 4. d4 c6 5. Nf3 Bf5 6. Bd2 Qc7 7. Bc4 e6 8. 0-0 Nf6 9. Re1 Be7 10. Qc1 Nbd7 11. Bf4 Bd6 12. Bxd6 Qxd6 13. Qd2 h6 14. d5 0-0-0 15. dxe6 Qxd2 16. Nxd2 Bxe6 17. Bxe6 fxe6 18. Rxe6 Nc5 19. Re2 Rd7 20. Nde4 Ncxe4 21. Nxe4 Rhd8 22. Nc3 b5 23. a3 Nd5 24. Nxd5 Rxd5 25. g3 Rd2 1/2-1/2

[Event "GER-ch U25-B"]
[Site "Willingen"]
[Date "2017.06.05"]
[Round "3"]
[White "Pham, Anh Tuan"]
[Black "Grimm, Nicola Marie"]
[Result "0-1"]
[WhiteElo "1017"]
[BlackElo "1239"]
[PlyCount "70"]
[EventDate "2017.06.04"]
[EventType "swiss"]
[EventRounds "9"]
[EventCountry "GER"]
[SourceTitle "CBM 178 Extra"]
[Source "ChessBase"]
[SourceDate "2017.06.22"]
[SourceVersion "1"]
[SourceVersionDate "2017.06.22"]
[SourceQuality "1"]

1. e4 d5 2. Nc3 dxe4 3. Nxe4 Bf5 4. Bd3 e6 5. Nf3 Nd7 6. 0-0 Bxe4 7. Bxe4 c6 8. d4 Ngf6 9. Bg5 Be7 10. Bd3 Qc7 11. Re1 h6 12. Bh4 Bd6 13. Bxf6 Nxf6 14. h3 g5 15. Ne5 0-0-0 16. c3 h5 17. Qf3 Bxe5 18. Rxe5 Nd5 19. Rxg5 Nf4 20. Bc2 Rdf8 21. Re1 Rfg8 22. Ree5 f6 23. Rxg8+ Rxg8 24. Qxf4 fxe5 25. dxe5 Kb8 26. Bb3 Re8 27. Qg5 Qf7 28. Bd1 Rf8 29. f3 Rg8 30. Qh4 Qf5 31. Be2 Qxe5 32. Bd3 Qe3+ 33. Kh1 Qxd3 34. Qf4+ Ka8 35. Qf7 Qf1+ 0-1

[Event "GER-ch U25 op-B"]
[Site "Oberhof"]
[Date "2013.05.19"]
[Round "2"]
[White "Steiner, Maximilian"]
[Black "Grimm, Nicola Marie"]
[Result "1-0"]
[WhiteElo "1195"]
[BlackElo "967"]
[PlyCount "45"]
[EventDate "2013.05.19"]
[EventType "swiss"]
[EventRounds "9"]
[EventCountry "GER"]
[SourceTitle "CBM 154 Extra"]
[Source "ChessBase"]
[SourceDate "2013.06.25"]
[SourceVersion "2"]
[SourceVersionDate "2013.06.25"]
[SourceQuality "1"]

1. e4 d5 2. exd5 Qxd5 3. Nc3 Qa5 4. d4 c6 5. Nf3 Bf5 6. Bd3 Bg6 7. 0-0 e6 8. a3 Nf6 9. Ne5 Bh5 10. Be2 Bxe2 11. Qxe2 Bd6 12. Bf4 Qc7 13. Rfe1 Nbd7 14. Bg3 Qb6 15. Nc4 Qxd4 16. Nxd6+ Ke7 17. Nf5+ Kf8 18. Nxd4 c5 19. Nxe6+ fxe6 20. Qxe6 Re8 21. Bd6+ Re7 22. Qxe7+ Kg8 23. Qe6# 1-0